000 00781nam a2200265Ia 4500
003 OSt
005 20220924115801.0
006 a|||||r|||| 00| 0
007 ta
008 220923b |||||||| |||| 00| 0 urd d
020 _a9789350731932 (hbk)
020 _c250
024 _a284455
037 _b4307, 19/11/2014, Kitabi Duniya
_cTextual
040 _aARTS
_cARTS
_burd
041 _2urd
_aurd
082 _aO168,3N63x, Q3
100 _aSagheer Ahmad Au.
_9177860
245 0 _aDagh Dagh zindagi
260 _aDelhi
_bEducational Publishing House India
_c2013
300 _a159p.
_ccm.
650 _aURDU FICTION
_93298
942 _hO168,3N63x, Q3
_cTEXL
_2CC
999 _c399880
_d399880